Statistics for Capital Cities Nearest to Islands

Click here to take the quiz!

General Stats

  • This quiz has been taken 5,845 times
  • The average score is 12 of 20

Answer Stats

island capital % Correct
KyushuSeoul
80%
BaliJakarta
79%
South IslandWellington
78%
Vancouver IslandOttawa
78%
RhodesAthens
75%
Isle of ManDublin
74%
JerseyLondon
69%
SumatraSingapore
65%
CorsicaMonaco
64%
East FalklandMontevideo
63%
MindanaoManila
61%
HainanHanoi
61%
Shetland IslandsOslo
56%
Puerto RicoSanto Domingo
50%
Aleutian IslandsTokyo
48%
MallorcaAlgiers
45%
SulawesiDili
42%
Ellesmere IslandReykjavik
37%
New CaledoniaPort Vila
22%
Vanua LevuSuva
21%

Score Distribution

Percentile by Number Answered

Percent of People with Each Score

Your Score History

You have not taken this quiz